00584nam a22001817a 4500003000400000020001800004082001900022100002200041245004100063250000700104260005200111300001100163650004100174700002000215942001200235999001900247952013600266OSt a9788131500026 a658.15bBRI/FU aBrigham, Eugene F aFundamentals of financial management a10 aNew DelhibCengage learning india pvt ltdc2004 a1-12p. aFundamentals in financial management aHouston, Joel F 2ddccBK c190785d190785 00102ddc40708NFICaKAUCBVbKAUCBVcCHILDd2017-12-14g550.00l2o658.15 BRI/FUr2019-02-28 00:00:00s2019-02-12w2017-12-14yBK